00491 2200193 4500001002100000005001500021035002000036008004100056245006600097100002100163250000600184260003600190300001100226084001400237082000800251650001400259990001200273990001200285INLIS00000000000032620240503081437 a0010-0424000302240503 0 ind 1 aPerubahan Sosial Masyarakat Masa Reformasi /cVina Dwi Laning aDwi Laning, Vina a1 aJakarta :bCempaka Putih,c2017 a68 hlm a300 VIN p a300 4aNon Fiksi a0728745 a0728746